|
|
|
|
| LEADER |
00000nab a2200000 a 4500 |
| 001 |
vtls000907143 |
| 003 |
SK-MaSNL |
| 005 |
20260302172409.0 |
| 008 |
040720e20010509xo 0 slo |
| 035 |
|
|
|a KE16083
|
| 040 |
|
|
|a KEVKJB
|b slo
|c KEVKJB
|e AACR2
|
| 041 |
0 |
|
|a slo
|
| 044 |
|
|
|a xo
|c SK
|
| 080 |
|
|
|a 885.4-3
|2 1981
|
| 100 |
1 |
|
|a Kizek, Marián
|4 aut
|9 877271
|
| 245 |
1 |
0 |
|a R. Schuster si zo "svojej" knihy prečítal len úvodnú stranu
|b "Mama neplač, otec ešte žije" vychádza v dvojtisícovom náklade
|
| 300 |
|
|
|b 2 foto
|
| 600 |
1 |
7 |
|a Schusterová, Ingrid,
|d 1967-
|t Mama, neplač, otec ešte žije
|2 KEVKJB
|9 188672
|
| 650 |
0 |
7 |
|a prezentácia kníh
|2 KEVKJB
|9 862333
|
| 651 |
|
7 |
|a Košice (Slovensko)
|2 KEVKJB
|9 18694
|
| 773 |
0 |
8 |
|t Košický denník Korzár
|g Roč. 4, č.105, 9.5.2001, s. 1
|x 1335-4566
|
| 852 |
|
|
|a ZVYKNI
|b KIS3GCP
|
| 999 |
|
|
|c 1398677
|d 1400607
|